| 000 | 00845 a2200157 4500 | ||
|---|---|---|---|
| 003 | Nust | ||
| 005 | 20170207154214.0 | ||
| 040 | _cNust | ||
| 082 | _a952.1 | ||
| 100 | _aHeinrich Harrer | ||
| 245 |
_aSeven Years in Tibet _cHeinrich Harrer |
||
| 260 |
_alondon _bRupert Hart-Davis _c1953 |
||
| 300 | _a288p; | ||
| 505 | _aInternment (page-1) Escape (Page-19) Into Tibet (Page-35) The Village of Happiness(page-53) On the Move (Page-71) The Worst Trek of All (Page-89) The Forbidden (Page-111) Calm Waters (Page-126) Asylum Granted (Page-147) Life in Lhasa-1 (Page-161) Life in Lhasa –ii(Page-180) An Attempted Coup D’état (page-199) Communication From the Government (page-209) Tibet Prepares for Trouble (Page-230) Tutor to the Dalai Lama (Page-248) Tibet is Invaded (Page-263) I Leave Tibet (Page-276) | ||
| 538 | _aAlmirah No. 134 Shelf No.4 | ||
| 942 |
_2ddc _cBK |
||
| 999 |
_c194995 _d194995 |
||